<?xml version="1.0" encoding="UTF-8"?>
<collection xmlns="http://www.loc.gov/MARC21/slim">
 <record>
  <leader>01843cam a2200397   4500</leader>
  <controlfield tag="001">1142004708</controlfield>
  <controlfield tag="003">DE-627</controlfield>
  <controlfield tag="005">20171111080903.0</controlfield>
  <controlfield tag="007">tu</controlfield>
  <controlfield tag="008">990109s1932    xx |||||      00| ||ger c</controlfield>
  <datafield tag="035" ind1=" " ind2=" ">
   <subfield code="a">(DE-627)1142004708</subfield>
  </datafield>
  <datafield tag="035" ind1=" " ind2=" ">
   <subfield code="a">(DE-576)072004703</subfield>
  </datafield>
  <datafield tag="035" ind1=" " ind2=" ">
   <subfield code="a">(DE-599)BSZ072004703</subfield>
  </datafield>
  <datafield tag="035" ind1=" " ind2=" ">
   <subfield code="a">(OCoLC)19336117</subfield>
  </datafield>
  <datafield tag="035" ind1=" " ind2=" ">
   <subfield code="a">(DE-604)805216845x</subfield>
  </datafield>
  <datafield tag="040" ind1=" " ind2=" ">
   <subfield code="a">DE-627</subfield>
   <subfield code="b">ger</subfield>
   <subfield code="c">DE-627</subfield>
   <subfield code="e">rakwb</subfield>
  </datafield>
  <datafield tag="041" ind1=" " ind2=" ">
   <subfield code="a">ger</subfield>
  </datafield>
  <datafield tag="084" ind1=" " ind2=" ">
   <subfield code="a">GF 3980</subfield>
   <subfield code="2">rvk</subfield>
   <subfield code="0">(DE-625)rvk/39635:11807</subfield>
  </datafield>
  <datafield tag="100" ind1="0" ind2=" ">
   <subfield code="a">Gottfried</subfield>
   <subfield code="c">von Neifen</subfield>
   <subfield code="0">(DE-588)118696696</subfield>
   <subfield code="0">(DE-627)079478565</subfield>
   <subfield code="0">(DE-576)161165990</subfield>
   <subfield code="4">aut</subfield>
  </datafield>
  <datafield tag="245" ind1="1" ind2="0">
   <subfield code="a">Die Lieder Gottfrieds von Neifen</subfield>
   <subfield code="c">hrsg. von. Moriz Haupt. Aufs neue durchges. von Edward Schröder</subfield>
  </datafield>
  <datafield tag="246" ind1="1" ind2=" ">
   <subfield code="i">Ansetzungssachtitel</subfield>
   <subfield code="a">Die Lieder</subfield>
  </datafield>
  <datafield tag="264" ind1=" " ind2="1">
   <subfield code="a">Berlin</subfield>
   <subfield code="b">Weidmann</subfield>
   <subfield code="c">1932</subfield>
  </datafield>
  <datafield tag="300" ind1=" " ind2=" ">
   <subfield code="a">IX, 66 S.</subfield>
  </datafield>
  <datafield tag="336" ind1=" " ind2=" ">
   <subfield code="a">Text</subfield>
   <subfield code="b">txt</subfield>
   <subfield code="2">rdacontent</subfield>
  </datafield>
  <datafield tag="337" ind1=" " ind2=" ">
   <subfield code="a">ohne Hilfsmittel zu benutzen</subfield>
   <subfield code="b">n</subfield>
   <subfield code="2">rdamedia</subfield>
  </datafield>
  <datafield tag="338" ind1=" " ind2=" ">
   <subfield code="a">Band</subfield>
   <subfield code="b">nc</subfield>
   <subfield code="2">rdacarrier</subfield>
  </datafield>
  <datafield tag="689" ind1="0" ind2="0">
   <subfield code="d">p</subfield>
   <subfield code="0">(DE-588)118696696</subfield>
   <subfield code="0">(DE-627)079478565</subfield>
   <subfield code="0">(DE-576)161165990</subfield>
   <subfield code="a">Gottfried</subfield>
   <subfield code="c">von Neifen</subfield>
   <subfield code="2">gnd</subfield>
  </datafield>
  <datafield tag="689" ind1="0" ind2="1">
   <subfield code="d">u</subfield>
   <subfield code="0">(DE-588)4135049-2</subfield>
   <subfield code="0">(DE-627)104589094</subfield>
   <subfield code="0">(DE-576)209657456</subfield>
   <subfield code="a">Manessische Handschrift</subfield>
   <subfield code="2">gnd</subfield>
  </datafield>
  <datafield tag="689" ind1="0" ind2=" ">
   <subfield code="5">(DE-627)</subfield>
  </datafield>
  <datafield tag="700" ind1="1" ind2=" ">
   <subfield code="a">Haupt, Moriz</subfield>
   <subfield code="d">1808-1874</subfield>
   <subfield code="e">Hrsg.</subfield>
   <subfield code="0">(DE-588)119034743</subfield>
   <subfield code="0">(DE-627)133851915</subfield>
   <subfield code="0">(DE-576)161331068</subfield>
   <subfield code="4">edt</subfield>
  </datafield>
  <datafield tag="700" ind1="1" ind2=" ">
   <subfield code="a">Schröder, Edward</subfield>
   <subfield code="d">1858-1942</subfield>
   <subfield code="0">(DE-588)118761838</subfield>
   <subfield code="0">(DE-627)133875083</subfield>
   <subfield code="0">(DE-576)162975449</subfield>
   <subfield code="4">oth</subfield>
  </datafield>
  <datafield tag="936" ind1="r" ind2="v">
   <subfield code="a">GF 3980</subfield>
   <subfield code="b">Gesamtausgaben</subfield>
   <subfield code="k">Germanistik. Niederlandistik. Skandinavistik</subfield>
   <subfield code="k">Deutsche Literatur</subfield>
   <subfield code="k">Mittelhochdeutsche Klassik</subfield>
   <subfield code="k">Literaturgeschichte und Textsammlungen</subfield>
   <subfield code="k">Einzelne Autoren und Werke</subfield>
   <subfield code="k">Autoren und Denkmäler G</subfield>
   <subfield code="k">Gottfried von Neifen</subfield>
   <subfield code="k">Gesamtausgaben</subfield>
   <subfield code="0">(DE-627)1270869795</subfield>
   <subfield code="0">(DE-625)rvk/39635:11807</subfield>
   <subfield code="0">(DE-576)200869795</subfield>
  </datafield>
  <datafield tag="951" ind1=" " ind2=" ">
   <subfield code="a">BO</subfield>
  </datafield>
  <datafield tag="990" ind1=" " ind2=" ">
   <subfield code="a">Gottfried &lt;von Neifen&gt; </subfield>
  </datafield>
  <datafield tag="990" ind1=" " ind2=" ">
   <subfield code="a">Manessische Handschrift</subfield>
  </datafield>
  <datafield tag="999" ind1=" " ind2=" ">
   <subfield code="a">KXP-PPN1142004708</subfield>
   <subfield code="e">2952163863</subfield>
  </datafield>
 </record>
</collection>
